Responses for show #1784 - Thursday, May 7, 1992

1992 College Championship quarterfinal game 4.

Contestants

[<< previous game]

Hans Hornstein, a sophomore from Cal Tech

Kyle Graham, a freshman from University of North Carolina-Chapel Hill

Katherine Bryant, a senior from Harvard University

[next game >>]

Jeopardy! Round responses

THE ELEMENTS
CELEBRITY JEOPARDY!
MONEY MATTERS
KIDDIE LIT
FOOTWEAR
CROSSWORD CLUES "C"
    $100 2
mercury

Hans
    $100 14
Luke Perry

Kyle
    $100 20
Susan B. Anthony dollar

Katherine
    $100 11
Long John Silver

Hans
    $100 19
tongue

Hans
    $100 1
calories

Kyle
    $200 3
sodium

Katherine
    $200 26
Henry Winkler

Hans
    $200 27
cost of living adjustment

Hans
    $200 12
Laura Ingalls Wilder

Hans
    $200 21
flat

Hans
    $200 4
comb

Hans
    $300 5
phosphorus

Hans
    $300 23
George Burns

Katherine
    $300 28
(Kyle: What is a lien?)
(Katherine: What is a home equity loan?)
(Alex: [Checking with judges] That's close but I don't think that's quite right. More specific?)
(Katherine: What is a home equity [*] loan?)
(Alex: [Referring to judges as he looks over] They are debating that right now and are nodding and we've got the okay sign.)

mortgage

KatherineKyle
    $900 13
"The Little Mermaid"

Hans
    $300 22
pump

Kyle
    $300 8
core

Katherine
    $400 6
copper

Hans
    $400 16
[Laughter as Alex read the clue in an imitative voice]

Dr. Ruth Westheimer

Hans
    $400 29
legal tender

Katherine
    $400 17
[Alex gave the first name as Leon in mixing him up with Trotsky and corrected himself prior to giving the Double Jeopardy! round categories.]

Leo Tolstoy

Triple Stumper
    $400 24
Gucci

Katherine
    $400 9
(Hans: What is counting?)

countdown

Hans
Triple Stumper
    $500 7
carbon-12

Katherine
    $500 15
(Kathy) Ireland

Kyle
    $500 30
blue chip

Hans
    $500 18
The Hobbit

Katherine
    $500 25
boot

Triple Stumper
    $500 10
Comet

Katherine

Scores at the first commercial break (after clue 15):

Katherine Kyle Hans
$1,500 $700 $1,800

Scores at the end of the Jeopardy! Round:

Katherine Kyle Hans
$3,500 $700 $3,400

Double Jeopardy! Round responses

THE AMERICAN REVOLUTION
THEATRE
BRIDGES
GERMANY
FOOD & DRINK
GRAMMAR
    $200 5
Lafayette

Katherine
    $200 14
Kentucky

Hans
    $200 30
Brooklyn Bridge

Katherine
    $200 9
Volkswagen

Kyle
    $200 28
tea

Katherine
    $200 6
neuter

Katherine
    $400 4
(Katherine: Who is Washington?)

George III

KatherineKyle
    $400 15
Broadway Bound

Katherine
    $400 29
Golden Gate Bridge

Katherine
    $400 13
the Autobahn

Hans
    $400 27
beefsteak tomato

Katherine
    $400 7
clause

Katherine
    $2,500 3
Cornwallis

Kyle
    $600 18
Les Misérables

Kyle
    $600 23
Florence

Hans
    $600 12
Martin Luther

Hans
    $600 26
squash

Katherine
    $600 8
an

Hans
    $800 2
(Hans: Who is Ben Franklin?)

(Thomas) Paine

KyleHans
    $800 20
(August) Wilson

Kyle
    $800 22
Mackinac

Kyle
    $800 11
coal

Hans
    $800 25
(Kyle: What is curd?)

buttermilk

Kyle
Triple Stumper
    $800 16
infinitive

Hans
    $1000 1
Saratoga

Kyle
    $1000 19
Joe Papp

Triple Stumper
    $1000 21
Portugal

Triple Stumper
    $1000 10
Oberammergau

Hans
    $1000 24
barley

Katherine
    $1000 17
cases

Katherine

Scores at the end of the Double Jeopardy! Round:

Katherine Kyle Hans
$8,100 $7,000 $7,600

Final Jeopardy! Round responses

WORLD GEOGRAPHY
KyleWhat is Arabian?
$7,000
HansWhat is the Yucatan
$2,000
KatherineWhat is the Iberian P.?
$4,000
Arabian

Final scores:

Katherine Kyle Hans
$4,100 $14,000 $5,600
3rd place: $1,000 if eliminated Automatic semifinalist 2nd place: $1,000 if eliminated

Game dynamics:

Coryat scores:

Katherine Kyle Hans
$8,100 $5,100 $7,000
21 R,
1 W
12 R
(including 2 DDs),
2 W
21 R
(including 1 DD),
2 W

Combined Coryat: $20,200

The J! Archive is created by fans, for fans. Scraping, republication, monetization, and malicious use prohibited; this site may use cookies and collect identifying information. See terms. The Jeopardy! game show and all elements thereof, including but not limited to copyright and trademark thereto, are the property of Jeopardy Productions, Inc. and are protected under law. This website is not affiliated with, sponsored by, or operated by Jeopardy Productions, Inc. Join the discussion at JBoard.tv.